Name the European countries containing the letter 'S' Quiz Stats

 Plays Quiz not verified by Sporcle

Challenge
Share
Tweet
Embed
Score 0/17 Timer 05:00
0 Plays Today
Answer % Correct
Spain
97%
Sweden
90.6%
Slovakia
79.3%
Switzerland
76.7%
Slovenia
74.9%
Russia
61.8%
Austria
58.2%
Netherlands
58.1%
Estonia
52.1%
Answer % Correct
Serbia
52%
Cyprus
44.2%
Bosnia
40.2%
Belarus
39.7%
San Marino
31.9%
Liechtenstein
19.6%
Kosovo
17.5%
Kazakhstan
5.9%

You're not logged in!

Compare scores with friends on all Sporcle quizzes.
OR
Log In

You Might Also Like...

Show Comments

Extras

Top Quizzes Today


Score Distribution

Your Account Isn't Verified!

In order to create a playlist on Sporcle, you need to verify the email address you used during registration. Go to your Sporcle Settings to finish the process.

Report this User

Report this user for behavior that violates our Community Guidelines.

Details: